Historia del mundo moderno : los grandes conflictos mundiales : 1898/1901-1945 /

Gardado en:
Detalles Bibliográficos
Autor Principal: Mowat, C.L (coord.)
Formato: Libro
Idioma:Lingua castelá
Publicado: Barcelona, España : Sopena, 1987
Temas:
Etiquetas: Engadir etiqueta
Sen Etiquetas, Sexa o primeiro en etiquetar este rexistro!

MARC

LEADER 00000nam^a2200000^a^4500
001 000026278
005 20250521000000.0
009 20260310084725.309
020 |a 84-303-0822-9 
037 |a Acervo ITESO - Biblioteca 
041 |a ESP 
082 |a 940. 2  |b HIS V. 12 
100 |a Mowat, C.L.  |e (coord.) 
240 1 1 |a [Historia del mundo moderno] 
245 1 0 |a Historia del mundo moderno :  |b los grandes conflictos mundiales : 1898/1901-1945 /  |c Coord. de C.L. Mowat ; tr. por V. Pozanco. 
264 1 |a Barcelona, España :  |b Sopena,  |c 1987 
300 |a 673 p. 
336 |a texto  |b txt  |2 rdacontenido 
337 |a sin mediación  |b n  |2 rdamedio 
338 |a volumen  |b nc  |2 rdasoporte 
500 |a Traducción de: The New Cambridge Modern History: The Shifting Balance of World Forces, 1898-1945 
649 |a XX 
650 |a Europa -  |x Historia -  |y 1871-1918 
650 |a Europa -  |x Historia -  |y 1918-1945 
650 |a Europa -  |x Historia -  |y Siglo XX 
650 |a Guerra Mundial (Primera), 1914-1918 -  |x Historia 
650 |a Guerra Mundial (Segunda), 1939-1945 -  |x Historia 
650 |a Historia Moderna -  |y Siglo XX -  |x Tema Principal 
910 |a Fondo General 
920 |a Impresos - Libros 
930 |a Obras de Referencia 
905 |a 102 
901 |a 0262780100  |b IT2  |c REF  |i 026278  |u 20250521 
902 |a https://opac.biblio.iteso.mx/vufind/Record/000026278